2010/11 Premier League Goalkeepers Quiz Stats

 Plays Quiz not verified by Sporcle

Score 0/40 Timer 08:00
0 Plays Today
Club Name % Correct
Manchester CityJoe Hart
95.6%
Manchester UnitedEdwin Van-Der-Sar
95.4%
ChelseaPetr Cech
94.8%
EvertonTim Howard
94.1%
LiverpoolJose Reina
94.1%
Aston VillaBrad Friedel
92.7%
ArsenalManuel Almunia
91.2%
Manchester CityShay Given
91.2%
Tottenham HotspurHeurelho Gomes
91%
Birmingham CityBen Foster
87.4%
Blackburn RoversPaul Robinson
86.6%
FulhamMark Schwarzer
86.5%
West Ham UnitedRobert Green
85.6%
Tottenham HotspurCarlo Cudicini
81.7%
ArsenalLukasz Fabianski
81.4%
Stoke CityThomas Sorensen
81.1%
Newcastle UnitedTim Krul
80.8%
SunderlandCraig Gordon
78%
Wigan AthleticAli Al-Habsi
76.8%
Newcastle UnitedSteve Harper
75.7%
Club Name % Correct
Aston VillaBrad Guzan
74.2%
ChelseaHilario
74.2%
Bolton WanderersJussi Jaaskelainen
73.9%
Stoke CityAsmir Begovic
71.5%
LiverpoolBrad Jones
71%
Wigan AthleticChris Kirkland
69.2%
West Bromwich AlbionScott Carson
68.5%
Birmingham CityMaik Taylor
64.9%
Wolverhampton WanderersWayne Hennessey
63.8%
SunderlandSimon Mignolet
60%
BlackpoolRichard Kingson
59.7%
Wolverhampton WanderersMarcus Hahnemann
56.1%
Manchester UnitedTomasz Kuszczak
54.8%
BlackpoolMatt Gilks
52.5%
FulhamDavid Stockdale
49.6%
Bolton WanderersAdam Bogdan
47%
West Bromwich AlbionBoaz Myhill
43.2%
EvertonIain Turner
17.1%
West Ham UnitedMarek Stech
13.2%
Blackburn RoversFrank Fielding
12.6%

You're not logged in!

Compare scores with friends on all Sporcle quizzes.
OR
Log In

Show Comments

Extras

Top Quizzes Today


Score Distribution

Your Account Isn't Verified!

In order to create a playlist on Sporcle, you need to verify the email address you used during registration. Go to your Sporcle Settings to finish the process.

Report this User

Report this user for behavior that violates our Community Guidelines.

Details: